Revista de derecho procesal 2012 - 1 : modos anormales de terminación del proceso /
Guardado en:
| Formato: | Libro |
|---|---|
| Idioma: | Spanish |
| Publicado: |
Santa Fe :
Rubinzal - Culzoni,
2012.
|
| Edición: | 1a. ed. |
| Materias: | |
| Etiquetas: |
Agregar Etiqueta
Sin Etiquetas, Sea el primero en etiquetar este registro!
|
| LEADER | 00579nam a22001815a 4500 | ||
|---|---|---|---|
| 001 | DER.der013143 | ||
| 008 | 180615s2012####ag#||||||||||||||#||spa|| | ||
| 005 | 20230613133119.0 | ||
| 245 | 1 | 0 | |a Revista de derecho procesal 2012 - 1 : |b modos anormales de terminación del proceso / |c Arazi, Roland. |
| 250 | |a 1a. ed. | ||
| 260 | |a Santa Fe : |b Rubinzal - Culzoni, |c 2012. | ||
| 300 | |a 552 p. | ||
| 020 | |a 950-727-761-7 | ||
| 700 | 1 | |a Arazi, Roland, |e dir. | |
| 650 | 7 | |a ACTOS IMPULSORIOS | |
| 650 | 7 | |a CADUCIDAD DE INSTANCIA | |
| 650 | 7 | |a MEDIACION | |
| 859 | |a DERECHO |b BIB. DERECHO |h 347.05 |i REV |p 001766 | ||
